00480nam a2200193 a 4500001001300000003000900013005001700022008004100039020000900080082001600089100002500105245002300130260003300153300000800186500003500194505001000229650002200239700002500261nice12345678IN_TiNIC20260116013011.0050524s1985 hyda grp 000 0 urd  ac1500a954.84bNAR aNarayan, Rai Mahboob aGuzishta Hyderabad aHyderabadbAdabi Trustc1985 a64p aincludes index and biblioraphy2 aIndex aHyderabad-History1 aNarayan, Rai Mahboob